| 000 -LEADER |
| fixed length control field |
00345nam a2200133Ia 4500 |
| 008 - FIXED-LENGTH DATA ELEMENTS--GENERAL INFORMATION |
| fixed length control field |
200103s 2007 ||||xx |||||||||||||| ||und|| |
| 082 ## - DEWEY DECIMAL CLASSIFICATION NUMBER |
| Classification number |
629.13 |
| Item number |
PAN |
| 100 ## - MAIN ENTRY--PERSONAL NAME |
| Personal name |
Panda, S. |
| 245 #0 - TITLE STATEMENT |
| Title |
Principles and Practices of Navigation |
| 250 ## - EDITION STATEMENT |
| Edition statement |
2nd Ed. |
| 260 ## - PUBLICATION, DISTRIBUTION, ETC. (IMPRINT) |
| Name of publisher, distributor, etc |
Bhandarkar Pubhications |
| Date of publication, distribution, etc |
2007 |
| Place of publication, distribution, etc |
Mumbai |
| 300 ## - PHYSICAL DESCRIPTION |
| Extent |
372p. |
| 942 ## - ADDED ENTRY ELEMENTS (KOHA) |
| Item type |
Books |